Arte sacro (Record no. 947)
[ view plain ]
| 000 -CABECERA | |
|---|---|
| campo de control de longitud fija | 00658nam a2200193 a 4500 |
| 001 - NÚMERO DE CONTROL | |
| campo de control | BRCA_1068 |
| 005 - FECHA Y HORA DE LA ÚLTIMA TRANSACCIÓN | |
| campo de control | 20190320203250.0 |
| 008 - DATOS DE LONGITUD FIJA--INFORMACIÓN GENERAL | |
| campo de control de longitud fija | 190508s2004----mx-a---###---#000-0#spa-# |
| 020 ## - NÚMERO INTERNACIONAL ESTÁNDAR DEL LIBRO | |
| Número Internacional Estándar del Libro | 9685893055 |
| 050 #4 - SIGNATURA TOPOGRÁFICA DE LA BIBLIOTECA DEL CONGRESO | |
| Número de clasificación | N7914.A1 |
| Número de documento/Ítem | .A78 2004 |
| 245 10 - MENCIÓN DE TÍTULO | |
| Título | Arte sacro |
| Resto del título | arte nuestro : tomad y comed, tomad y bebed. |
| 260 ## - PUBLICACIÓN, DISTRIBUCIÓN, ETC. | |
| Lugar de publicación, distribución, etc. | México |
| Nombre del editor, distribuidor, etc. | Landucci |
| Fecha de publicación, distribución, etc. | [2004] |
| 300 ## - DESCRIPCIÓN FÍSICA | |
| Extensión | 246 p. |
| Otras características físicas | il. a color |
| Dimensiones | 34 cm. |
| 650 14 - PUNTO DE ACCESO ADICIONAL DE MATERIA--TÉRMINO DE MATERIA | |
| Término de materia o nombre geográfico como elemento de entrada | Simbolismo cristiano |
| Subdivisión cronológica | Medieval, 500-1500 |
| Subdivisión geográfica | México |
| 9 (RLIN) | 3516 |
| 650 14 - PUNTO DE ACCESO ADICIONAL DE MATERIA--TÉRMINO DE MATERIA | |
| Término de materia o nombre geográfico como elemento de entrada | Simbolismo cristiano |
| Subdivisión de forma | Exposiciones |
| Subdivisión geográfica | México |
| 9 (RLIN) | 3517 |
| 650 14 - PUNTO DE ACCESO ADICIONAL DE MATERIA--TÉRMINO DE MATERIA | |
| Término de materia o nombre geográfico como elemento de entrada | Año eclesiástico |
| Subdivisión general | Arte |
| Subdivisión geográfica | México |
| 9 (RLIN) | 3518 |
| 650 14 - PUNTO DE ACCESO ADICIONAL DE MATERIA--TÉRMINO DE MATERIA | |
| Término de materia o nombre geográfico como elemento de entrada | Año eclesiástico |
| Subdivisión de forma | Exposiciones |
| Subdivisión geográfica | México |
| 9 (RLIN) | 3519 |
| 942 ## - ELEMENTOS DE PUNTO DE ACCESO ADICIONAL (KOHA) | |
| Fuente del sistema de clasificación o colocación | Library of Congress Classification |
| Tipo de ítem Koha | Libros |
| Estado de retiro | Estado de pérdida | Estado dañado | No para préstamo | Localización permanente | Ubicación/localización actual | Fecha de adquisición | Total de préstamos | Signatura topográfica completa | Código de barras | Fecha visto por última vez | Precio válido a partir de | Tipo de ítem Koha |
|---|---|---|---|---|---|---|---|---|---|---|---|---|
| El ejemplar forma parte de la colección y puede ser consultado según las políticas vigentes. | Biblioteca del Museo Franz Mayer (Rogerio Casas-Alatriste) | Biblioteca del Museo Franz Mayer (Rogerio Casas-Alatriste) | 26/06/2008 | N7914.A1 .A78 2004 | 01555 | 22/03/2019 | 22/03/2019 | Libros |